Language Quiz

Random Language Quiz

Wortschatz Kapitel 6 Quiz Stats

 Plays Quiz not verified by Sporcle

Score 0/33 Timer 04:00
0 Plays Today
English German % Correct
treeder Baum
87.5%
radiodas Radio
87.5%
cellarder Keller
81.3%
roomdas Zimmer
81.3%
garagedie Garage
81.3%
telephonedas Telefon
81.3%
gardender Garten
75%
beddas Bett
75%
balconyder Balkon
68.8%
bathroomdas Bad
68.8%
dining roomdas Esszimmer
68.8%
living roomdas Wohnzimmer
68.8%
cornerdie Ecke
68.8%
toiletdie Toilette
68.8%
sofadas Sofa
68.8%
hallwayder Flur
62.5%
in the bathroomim Bad
62.5%
English German % Correct
lampdie Lampe
62.5%
roofdas Dach
50%
kitchendie Küche
50%
in the kitchenin der Küche
50%
closetder Schrank
50%
study roomdas Arbeitszimmer
37.5%
TV setder Fernseher
37.5%
deskder Schreibtisch
37.5%
dresserdie Kommode
37.5%
bedroomdas Schlafzimmer
31.3%
on the first floorim Parterre
31.3%
on the second floorim ersten Stock
31.3%
refrigeratorder Kühlschrank
31.3%
carpetder Teppich
31.3%
curtainder Vorhang
25%
shelfdas Regal
18.8%

You're not logged in!

Compare scores with friends on all Sporcle quizzes.
OR
Log In

Show Comments

Extras

Created Nov 10, 2010ReportNominate
Tags:kapitel

Top Quizzes Today


Score Distribution

Your Account Isn't Verified!

In order to create a playlist on Sporcle, you need to verify the email address you used during registration. Go to your Sporcle Settings to finish the process.

Report this User

Report this user for behavior that violates our Community Guidelines.

Details: